| 000 | 00410nam a22001697a 4500 | ||
|---|---|---|---|
| 005 | 20230128114703.0 | ||
| 008 | 230124b |||||||| |||| 00| 0 eng d | ||
| 020 | _a978-81-204-0994-1 | ||
| 041 | _aeng | ||
| 082 | _a631.52 AGR-S | ||
| 100 |
_aAGRAWAL, RATTAN LAL _97484 |
||
| 245 | _aSEED TECHNOLOGY | ||
| 260 |
_bCBS PUBLICATION _c2022 |
||
| 300 | _a829;P. | ||
| 650 |
_aAGRICULTURE _92837 |
||
| 942 | _cBK | ||
| 999 |
_c8195 _d8193 |
||